Javorníky Moravskoslezské Beskydy

Bibliographic Details
Main Authors: Pánek, Tomáš (Author, Photographer), Pokluda, František, 1974- (Author, Photographer)
Other Authors: Lacika, Ján, 1956- (Photographer), Kollár, Daniel, 1963- (Compiler)
Format: Book
Language:Czech
PhysicalDescription:158 s. fotogr., mp. 17 cm
Published: Bratislava Dajama 2006
ISBN:8089226116 (brož.)
Edition:1. vyd.
Series:S batohem po Slovensku
Subjects:

MARC

LEADER 00000nam a22000005a 4500
001 vtls008833215
003 SK-MaSNL
005 20260301205633.0
008 251029s2006 xo ob g i 001 0 cze
015 |a SNBE2006/04-00963 
020 |a 8089226116 (brož.) 
040 |a SNK  |b slo  |c SNK  |e AACR2 
041 0 |a cze 
043 |a e-xr---  |a e-xr-mr---  |a e-xo--- 
044 |a xo  |c SK 
072 7 |a 913(4)  |x Geografia Európy, reálie, cestovanie  |2 konspekt 
080 |a 913(437.6+437.32-18)  |2 2001 
080 |a 913(234.372.4)  |2 2001 
080 |a 036(913)  |2 2001 
080 |a 908(437.6+437.32-18)  |2 2001 
100 1 |a Pánek, Tomáš  |4 aut  |4 pht  |9 401530 
245 1 0 |a Javorníky  |b Moravskoslezské Beskydy  |c Tomáš Pánek, František Pokluda ; sest.: Daniel Kollár ; fotogr.: Ján Lacika 
250 |a 1. vyd. 
260 |a Bratislava  |b Dajama  |c 2006 
300 |a 158 s.  |b fotogr., mp.  |c 17 cm 
490 1 |a S batohem po Slovensku  |v 13 
504 |a Obsahuje register 
650 0 7 |a pešia turistika  |2 SNKPH  |9 1059 
651 7 |a Javorníky (Česko a Slovensko : pohorie)  |2 SNKPH  |9 24789 
655 7 |a turistickí sprievodcovia (publikácie)  |2 SNKPH  |9 191298 
655 7 |a informačné publikácie  |2 SNKPH  |9 70181 
700 1 |a Pokluda, František,  |d 1974-  |4 aut  |4 pht  |9 182199 
700 1 |a Lacika, Ján,  |d 1956-  |4 pht  |9 101502 
700 1 |a Kollár, Daniel,  |d 1963-  |4 com  |9 99818 
830 0 |a S batohem po Slovensku  |9 592023 
919 |a 80-89226-11-6 
999 |c 910893  |d 912823 
952 |a SNK  |b SNK  |y PREZ  |7 0  |p 17A0517017  |o snkSD 75783  |i snk2006/14692  |8 0  |0 0  |1 0  |4 0  |d 2006-07-25  |l 0  |r 2025-11-24 00:00:00  |w 2026-02-24 
952 |a SNK  |b SNK  |y VYP  |7 0  |p 17A0517028  |o snkSD 75783 D1  |i snk2006/14694  |8 0  |0 0  |1 0  |4 0  |d 2006-07-25  |l 0  |r 2017-06-30 00:00:00  |w 2026-02-24